000 00785nam a2200241 a 4500
001 000002469
005 20200929150210.0
008 090702s1986 sp ac 001 0 spa d
020 _a8486168198
020 _a843680337x
040 _aDO-SdBNP
_bspa
_cBNPHU
082 _axxxx
_bR934m
100 1 _aRuíz-Castillo Basala, José
_97787
245 1 0 _aMemorias de un editor :
_bel apasionante mundo del libro /
_cJosé Ruíz-Castillo Basala ; próólogo Rafael Lapesa.
260 _aMadrid :
_bFundación Germán Sánchez Ruipérez,
_c1986.
300 _a431 p. :
_bil., retr. ;
_c23 cm.
490 1 _aBiblioteca del Libro
490 1 _aMaior
500 _aIncluye índice
700 1 _aLapesa, Rafael,
_epról.
_97788
830 0 _aBiblioteca del libro
_97397
830 0 _aMaior
_97671
999 _c2305
_d2305